|
|
|
|
| LEADER |
00810nam a2200205 a 4500 |
| 008 |
091022r2003 ii b 001 0 eng d |
| 020 |
|
|
|a 8171180183
|
| 082 |
0 |
0 |
|a 347.4/0954
|2 22
|
| 100 |
1 |
|
|a Pathak, Harshendu S.
|
| 245 |
1 |
0 |
|a Mulla on the Indian Contract Act /
|c Harshendu S. Pathak
|
| 250 |
|
|
|a 11th ed., Students' ed.
|
| 260 |
|
|
|a Bombay :
|b N.M. Tripathi Pvt. Ltd,
|c 2003.[reprinted]
|
| 300 |
|
|
|a xliii, 340 p. ;
|c 21 cm.
|
| 504 |
|
|
|a Includes bibliographical references and index.
|
| 541 |
1 |
|
|e 00012538
|
| 650 |
|
0 |
|a Contracts
|z India
|
| 852 |
4 |
|
|a Ayesha Abed Library
|j General Shelf.
|
| 942 |
0 |
0 |
|0 1
|
| 999 |
|
|
|c 4792
|d 4792
|
| 952 |
|
|
|0 0
|1 0
|2 ddc
|4 0
|6 347_409540000000000_PAT
|7 0
|9 4601
|a BRACUL
|b BRACUL
|c GEN
|d 2009-10-22
|g 300.00
|l 10
|m 105
|o 347.40954 PAT
|p 3010012538
|r 2025-01-15
|s 2023-09-24
|t 1
|v 600.00
|w 2009-10-22
|y BK
|